000 01761nam a2200493 i 4500
001 28582
003 KOSZ 005
005 20200513112633.0
008 981118s1984 pl a f |000 0 pol
015 _aUWD 1985/1099
035 _a991008105279705066
035 _a(PL-WaBN)b12085996-48omnis_nlop
035 _ab12085996
035 _a(OCoLC)835909691
035 _a(PL)b0000001208599
035 _a(EXLNZ-48OMNIS_NETWORK)9910267110305606
040 _aWA N
_cWA N
_dKOSZ 005/HR
041 0 _apol
_beng
_brus
080 _a628.3
080 _a532
100 1 _aPiecuch, Tadeusz
_d(1946-2018)
_eAutor
245 1 0 _aAnaliza teoretyczna przepływu medium przez modelowe wirówki sitowe /
_cTadeusz Piecuch ; Polskie Towarzystwo Przyjaciół Nauk o Ziemi.
260 _aCzęstochowa :
_bPTPNoZ,
_c1984.
300 _a[4], 100 s. :
_brys., wykr. ;
_c24 cm.
336 _aTekst
_btxt
_2rdacontent
337 _aBez urządzenia pośredniczącego
_bn
_2rdamedia
338 _aWolumin
_bnc
_2rdacarrier
380 _aKsiążki
380 _aPublikacje naukowe
388 _a1901-2000
388 _a1945-1989
500 _aTyt. równol. : Theoretical analysis of flow the medium by the model sieve centrifuges.
504 _aBibliogr. s. 73-75. - Rez., sum.
650 7 _aFiltracja
_2DBN
650 7 _aWirówka
650 7 _aOczyszczalnia ścieków
_2DBN
650 7 _aUrządzenia
650 7 _aPrzepływ
_2DBN
658 _aInżynieria i technika
710 2 _aPolskie Towarzystwo Przyjaciół Nauk o Ziemi
856 _uhttp://koha.tu.koszalin.pl/cgi-bin/koha/opac-detail.pl?biblionumber=28582
_zKatalog online BPK
942 _2UKD
_cKS
999 _c28582
_d28582